| 000 | 00337nam a2200121Ia 4500 | ||
|---|---|---|---|
| 008 | 220216s9999 xx 000 0 und d | ||
| 100 | _aRodriquez J | ||
| 245 | 0 | _aStyrene-butadiene rubber filled with fluorinated carbon black | |
| 260 |
_bRubber Chemistry and Technology _c1993 |
||
| 300 | _a286-294 | ||
| 700 | _aHamed G R | ||
| 942 | _cJS | ||
| 999 |
_c69889 _d69889 |
||